LEADER 01955nam 2200577 a 450 001 9910781624103321 005 20231101170640.0 010 $a1-283-63544-5 010 $a0-8263-3766-X 035 $a(CKB)2550000000051169 035 $a(EBL)1119032 035 $a(OCoLC)817818802 035 $a(SSID)ssj0000539690 035 $a(PQKBManifestationID)11369668 035 $a(PQKBTitleCode)TC0000539690 035 $a(PQKBWorkID)10579902 035 $a(PQKB)11476543 035 $a(OCoLC)780538071 035 $a(MdBmJHUP)muse7459 035 $a(Au-PeEL)EBL1119032 035 $a(CaPaEBR)ebr10492234 035 $a(MiAaPQ)EBC1119032 035 $a(EXLCZ)992550000000051169 100 $a20051114d2006 uy 0 101 0 $aeng 135 $aur|n|---||||| 181 $ctxt 182 $cc 183 $acr 200 14$aThe Old West in the old world$b[electronic resource] $elost plays by Bret Harte and Sam Davis /$fedited by Lawrence I. Berkove and Gary Scharnhorst 210 $aAlbuquerque $cUniversity of New Mexico Press$d2006 215 $a1 online resource (236 p.) 300 $aDescription based upon print version of record. 311 $a0-8263-3764-3 320 $aIncludes bibliographical references and index. 327 $aThe luck of Roaring Camp / by Bret Harte --The prince of Timbuctoo / by Sam Davis. 330 $aPresents the plays The Luck of Roaring Camp , by Bret Harte, and The Prince of Timbuctoo , by Sam Davis. 606 $aWestern plays 615 0$aWestern plays 676 $a812/.408 700 $aHarte$b Bret$f1836-1902.$0193120 701 $aBerkove$b Lawrence I$01526041 701 $aScharnhorst$b Gary$01510553 701 2$aDavis$b Sam P$g(Sam Post),$f1850-1918.$01577769 801 0$bMiAaPQ 801 1$bMiAaPQ 801 2$bMiAaPQ 906 $aBOOK 912 $a9910781624103321 996 $aThe Old West in the old world$93856634 997 $aUNINA LEADER 02808nam 2200709 450 001 9910797358603321 005 20221208004117.0 010 $a0-8130-5140-1 010 $a0-8130-5554-7 035 $a(CKB)3710000000448869 035 $a(EBL)2128266 035 $a(SSID)ssj0001518432 035 $a(PQKBManifestationID)12614717 035 $a(PQKBTitleCode)TC0001518432 035 $a(PQKBWorkID)11511037 035 $a(PQKB)10924905 035 $a(MiAaPQ)EBC2128266 035 $a(StDuBDS)EDZ0001529137 035 $a(OCoLC)914255680 035 $a(MdBmJHUP)muse51120 035 $a(Au-PeEL)EBL2128266 035 $a(CaPaEBR)ebr11079941 035 $a(EXLCZ)993710000000448869 100 $a20150730h20152015 uy 0 101 0 $aeng 135 $aur|n|---||||| 181 $ctxt 182 $cc 183 $acr 200 14$aThe bioarchaeology of Classical Kamarina $elife and death in Greek Sicily /$fCarrie L. Sulosky Weaver ; series foreword by Clark Spencer Larsen ; foreword by Giovanni Di Stefano 210 1$aGainesville, Florida :$cUniversity Press of Florida,$d2015. 210 4$dİ2015 215 $a1 online resource (365 p.) 225 0 $aBioarchaeological interpretations of the human past: local, regional, and global perspectives 300 $aDescription based upon print version of record. 311 $a0-8130-6112-1 320 $aIncludes bibliographical references and index. 327 $aDeath and burial in the Greek world -- Kamarina -- Demographic attributes -- State of health -- The material record: grave goods -- Ritualistic treatment of the deceased. 330 $aWeaver explores the mortuary practices, health and disease, and even the magical beliefs of classical Kamarina using a comparative approach to analyze grave goods and burial positions. 410 0$aBioarchaeological interpretations of the human past. 606 $aFuneral rites and ceremonies, Ancient$zItaly$zCamarina (Extinct city) 606 $aHuman remains (Archaeology)$zItaly$zCamarina (Extinct city) 606 $aBurial$zItaly$zCamarina (Extinct city) 606 $aDeath$zItaly$zCamarina (Extinct city) 606 $aTombs$zItaly$zCamarina (Extinct city) 607 $aCamarina (Extinct city)$xSocial life and customs 615 0$aFuneral rites and ceremonies, Ancient 615 0$aHuman remains (Archaeology) 615 0$aBurial 615 0$aDeath 615 0$aTombs 676 $a393/.930937 700 $aSulosky Weaver$b Carrie Lynn$01133994 702 $aLarsen$b Clark Spencer 702 $aDi Stefano$b Giovanni 801 0$bMiAaPQ 801 1$bMiAaPQ 801 2$bMiAaPQ 906 $aBOOK 912 $a9910797358603321 996 $aThe bioarchaeology of Classical Kamarina$93814488 997 $aUNINA LEADER 01637nam 2200421 a 450 001 9910701477403321 005 20250109110117.0 035 $a(CKB)5470000002418301 035 $a(OCoLC)776214188 035 $a(MiFhGG)SMIT002041 035 $a(EXLCZ)995470000002418301 100 $a20120213d2012 ua 0 101 0 $aeng 135 $aurbn||||||||| 181 $ctxt$2rdacontent 182 $cc$2rdamedia 183 $acr$2rdacarrier 200 10$aAviation $etransport services : agreement between the United States of America and Thailand signed at Washington, September 19, 2005, with annexes 210 1$a[Washington, D.C.] :$cU.S. Dept. of State,$d[2012?] 215 $a1 online resource (23 unnumbered pages) 225 1 $aTreaties and other international acts series ;$v05-919 300 $aTitle from title screen (viewed on Feb. 13, 2012). 517 $aAviation 606 $aAeronautics, Commercial$xLaw and legislation$zUnited States 606 $aAeronautics, Commercial$xLaw and legislation$zThailand 606 $aAeronautics$xSecurity measures$xInternational cooperation 606 $aAeronautics$xSafety measures$xInternational cooperation 615 0$aAeronautics, Commercial$xLaw and legislation 615 0$aAeronautics, Commercial$xLaw and legislation 615 0$aAeronautics$xSecurity measures$xInternational cooperation. 615 0$aAeronautics$xSafety measures$xInternational cooperation. 712 02$aUnited States.$bDepartment of State. 801 0$bGPO 801 1$bGPO 906 $aBOOK 912 $a9910701477403321 996 $aAviation$9799860 997 $aUNINA